01521nam a2200241 i 4500003000900000005001700009007000300026008004100029020001800070040003000088041000800118082002000126100004200146245008400188264006600272300002500338336002700363337003400390338002800424490001800452500006200470520074700532DO-SdBNP20250714113232.0ta250714b2025 dr |||er ||| 00| 0 spa d a9789945509564 aDO-SdBNPbspacBNPHUerda aspa 4axxxxxbF316222 aFéliz Lafontaine, Anaeautora4aut.10aRacismo y poder en la narrativa política dominicana /cAna Féliz Lafontaine 1aSanto Domingo :bFundación Friedrich Ebert Stiftung,c2025. a8 páginas c30 cm. atextobtxt2rdacontent asin mediación bn2rdamedia avolumenbnc2rdacurrier1 aAnálisis ;  aIncluye datos biografícos de la autora en la página 8 aEste artículo tiene como objetivo principal exponer el contenido racista del discurso político dominicano moderno y sus raíces históricas, atendiendo, por un lado, a los marcos de las ideologías lingüísticas analizadas para el caso dominicano por Juan Valdez, quien muestra que las formas lingüísticas se vincularon a categorías raciales y culturales en el discurso político dominicano. Por otro lado, el artículo relaciona las narraciones sobre el racismo con las dinámicas de poder desarrolladas por Foucault en su último seminario (1976), recogido en “Defender la sociedad”, donde se dedica una especial atención a la genealogía del racismo como parte constitutiva de la fundación del Estado moderno.